Statistics for Fastest Growing Country GDP's

Click here to take the quiz!

General Stats

  • This quiz has been taken 28 times
  • The average score is 9 of 20

Answer Stats

GDP GrowthCountry% Correct
6.90%China
96%
10.25%Ethiopia
72%
7.28%Bangladesh
68%
7.10%Cambodia
60%
8.14%Ghana
56%
6.89%Laos
56%
6.76%`Myanmar
56%
6.81%Vietnam
56%
10.60%Guinea
52%
7.70%Ivory Coast
48%
7.15%Senegal
48%
26.68%Libya
44%
7.91%Nepal
44%
7.44%Turkey
44%
7.10%Tanzania
36%
6.91%Maldives
32%
7.50%Armenia
28%
7.26%Romania
24%
7.80%Ireland
20%
7.62%Tajikstan
4%

Score Distribution

Percentile by Number Answered

Percent of People with Each Score

Your Score History

You have not taken this quiz